00611 2200241 4500001002100000005001700021008004100038035002400079082001100103090001800114100001600132245005200148260002400200300001900224500002600243650003000269700001600299850000900315980001500324985000600339986000900345999001500354YOGYA-0209000006585420090227091839.0 ind  0010-020900000065854 a438.24 a438.24bMoe M aMOECHTAR, Z aMein Deutscher freundcZ. Moechtar, E. Wernthal aJakatabFascoc1951 a... jilc24 cm aYang diterima : jl. 1 aBahasa Jerman - pelajaran aWernthal, E aBPAD a01-12-2008 a1 aRuni ab000045426